Statistics for The Walking Dead trivia (seasons 1 & 2)

Click here to take the quiz!

General Stats

  • This quiz has been taken 506 times
  • The average score is 18 of 22

Answer Stats

HintAnswer% Correct
Who is the lead character?Rick
100%
Main Characters wife and son?Lori and Carl
97%
Who do they leave on the rooftop?Merle
97%
Brother of above?Daryl
96%
What city does Rick enter on a horse?Atlanta
95%
Who owns the RV?Dale
95%
Blonde woman with a good aim?Andrea
93%
Woman with abusive husband?Carol
93%
Who owns the farm?Hershel
90%
Who does Glenn have feelings for?Maggie
90%
Who does Rick kill in the field?Shane
87%
Who do they spend season 2 looking for?Sophia
87%
Who accidentally shoots carl?Otis
85%
What does Glenn find out about Lori?She's Pregnant
84%
What valueble thing does Rick drop before he gets in the tank?Guns
82%
What do Carl and Shane try to catch in the water?Frogs
75%
Who stays behind at the CDC?Jacqui
67%
What scary fact do they find out about the farm?Walkers in the barn
66%
Who do the take prisoner at the farm?Randall
62%
Who do they find at the CDC?Dr Edwin Jenner
56%
What causes walkers to overrun the farm?Gunshot
54%
How does Merle escape the handcuffs?Cuts off his hand
40%

Score Distribution

Percentile by Number Answered

Percent of People with Each Score

Your Score History

You have not taken this quiz